Largest European Cities on a Map by Letter - A - Statistics

General Stats
  • This quiz has been taken 401 times
  • The average score is 10 of 23
Answers on the Map
Answers color-coded by a green-red scale on the quiz's map according to % correct below.
 
Answer Stats
Pop. City % Correct
856k Amsterdam
98%
3.03m Athens
98%
203k Aberdeen
85%
528k Antwerp
85%
277k Aarhus
74%
332k Alicante
66%
248k Aachen
60%
297k Augsburg
54%
245k A Coruña
51%
350k Arkhangelsk
42%
151k Angers
40%
198k Almería
38%
157k Arnhem
31%
143k Aix-en-Provence
29%
173k Albacete
27%
161k Apeldoorn
25%
204k Almere
24%
175k Amadora
20%
155k Amersfoort
20%
149k Arad
19%
170k Alcorcón
15%
193k Alcalá de Henares
14%
191k Armavir
7%
No matching quizzes found
Score Distribution
Percent of People with Each Score
Percentile by Number Answered
Your Score History
You have not taken this quiz